TOP 100 POLSKI RAP - Statystyki

Ogólne statystyki
  • Ten quiz został rozwiązany 362 razy
  • Średni wynik to 47 z 100
Statystyki odpowiedzi
Miejsce Wykonawca Piosenka % Poprawnych
17 White 2115 California
89%
1 Tymek, Big Scythe Język ciała
87%
21 Kizo Disney
79%
2 GrubSon Na szczycie
77%
60 EKIPA, Jacuś ZYGZAK
77%
15 Ekipa 3kipa
76%
49 Mata Patointeligencja
75%
39 Mata Patoreakcja
75%
11 TACONAFIDE Tamagotchi
74%
6 Tymek, Big Scythe, Deys Anioły i Demony
71%
7 Deemz, Bedoes, PlanBe Eldorado
71%
22 Qbik 4 Pory Roku
70%
26 TACONAFIDE, Bedoes 8 kobiet
70%
5 Quebonafide, ReTo Half dead
68%
74 Mata, Quebonafide, Malik Montana Papuga
68%
19 Sobel Impreza
67%
9 Paluch SZAMAN
67%
46 Mata Schodki
66%
13 Quebonafide, Klaudia Szafrańska Candy
65%
38 Mata Kiss cam (podryw roku)
65%
50 chillwagon (słownie) małpa
64%
20 ReTo UA
64%
29 Guzior, Oskar83 Fala
63%
36 Young Igi Bestia
61%
35 Sobel Fiołkowe pole
61%
18 Otsochodzi Nie, nie
61%
34 Ekipa, Wip Bros Przejmujemy Jutuby
61%
25 Sarius Wiking
61%
8 Tymek, Trill Pem, Tede Rainman
60%
45 Szpaku Hinata
56%
27 Popek, Matheo Wodospady
56%
32 BLACHA Casablanca
55%
14 Tymek Poza kontrolą
55%
68 Malik Montana, Mr.Polska Jagodzianki
54%
54 Otsochodzi, Taco Hemingway Nowy Kolor
54%
44 Guzior Płuca Zlepione Topami
54%
47 Wiatr, be vis, Sobel Testarossa
54%
4 Paluch Bez Strachu
53%
33 Guzior Blueberry
53%
51 ReTo Billy Kid
52%
58 Smolasty Duże Oczy
52%
53 ReTo Bossman
51%
95 Bedoes, Kubi Producent, Golec uOrkiestra Janosik
51%
16 BLACHA Mademoiselle
50%
61 ReTo, Quebonafide Sorry Dolores
50%
10 K2, Buka 1 moment
49%
52 TACONAFIDE Kryptowaluty
49%
42 Young Igi Mówiłaś
49%
69 Malik Montana, K Koke Robie Yeah
49%
31 Bedoes, Lanek Jesteś ładniejsza niż na zdjęciach
48%
3 KaeN, Cheeba, WdoWA Zbyt wiele
47%
85 Sobel Kinol
46%
24 Zbuku, Śliwa, Sztoss Młoda krew
45%
43 Kali 30 KMH
44%
73 Gedz Bali
44%
75 Kabe Nad ranem
43%
81 Żabson Księżniczki
42%
28 Ganja Mafia Mój Ziomek
42%
30 Gang Albanii Dla prawdziwych dam
41%
93 Beteo, ReTo Meow
41%
55 Sokół Chcemy być wyżej
40%
57 Sitek Chcemy Być Wyżej
40%
72 Taco Hemingway Deszcz na betonie
40%
12 Paluch Gdybyś kiedyś
40%
48 Bedoes, Kubi Producent 05:05
39%
78 Żabson Floyd Mayweather
39%
59 Paluch, Szpaku Kontrola Jakości
39%
62 Szpaku, Włodi Oddajemy krew Wampirom
39%
84 SB Maffija A nie pamiętasz jak?
38%
82 Smolasty, Białas Fake Love
38%
89 ReTo RS7
37%
37 Chada Żyć aż do bólu
36%
92 Gang Albanii Napad na bank
35%
80 Guzior, Szpaku Ninja
35%
86 White 2115 Mogę dziś umierać
34%
23 ReTo Papierosy_rmx
34%
87 MIYO, Tymek Będzie lepiej
33%
83 kartky koszmar minionego lata
32%
64 Smolasty, Otsochodzi Uzależniony
32%
91 KęKę Wyjebane (Tak Mocno)
31%
96 Ganja Mafia Pole Marysi
30%
88 Szpaku UFO
29%
56 Zbuku Do końca
28%
70 Qbik Taka Dama
28%
65 Gang Albanii Albański raj
27%
67 Paluch, Słoń Balans
26%
94 PRO8L3M Molly
26%
98 Kubi Producent, Beteo, ReTo, Siles Bad Boy
25%
40 Sobota, Matheo, Buczer, Bezczel Jeszcze będzie hajc
25%
90 Sokół, Pono, Fred, Franek Kimono W aucie
25%
41 Szpaku #hot16challenge2
23%
76 Paluch CARDIO
21%
97 Kali, Paluch Opary
21%
99 Rozbójnik Alibaba, Chada, Kroolik Underwood Zosia
21%
100 Popek, Kali, Rozbójnik Alibaba Braci się nie traci
19%
79 Sobota Przepraszam
19%
71 Popek Monster DIRTY DIANA
17%
63 Paluch Dym
17%
66 Ganja Mafia, Justyna Gdy Ujrzałem Drogę
15%
77 Buka, Rahim, Natalia Nykiel Obiecuje Ci
13%
Nie znaleziono quizów pasujących do podanych kryteriów
Rozkład punktacji
Procent ludzi z każdym wynikiem
Percentyl według liczby udzielonych odpowiedzi
Twoja historia wyników
Nie rozwiązałeś tego quizu